| 000 | 00465nam a2200193Ia 4500 | ||
|---|---|---|---|
| 003 | OSt | ||
| 005 | 20250903144825.0 | ||
| 008 | 250729s2004 xx 000 0 und d | ||
| 020 | _a 978-8176480642 | ||
| 040 | _cAL | ||
| 041 | _aeng | ||
| 082 | _a372.8 NASE | ||
| 100 |
_aNasir N _9222425 |
||
| 245 | _aEnviournmental education | ||
| 260 |
_aNew Delhi _bA P H Publishing _c2004 |
||
| 300 | _a234p | ||
| 650 |
_aEnviournmental _9222426 |
||
| 942 |
_2ddc _cBED |
||
| 999 |
_c235456 _d235456 |
||